Vista normal
Vista MARC
Entrada Personal Name
Número de registros utilizados en: 1
001 - CONTROL NUMBER
- control field: 1274
003 - CONTROL NUMBER IDENTIFIER
- control field: DLC
005 - DATE AND TIME OF LATEST TRANSACTION
- control field: 20210501152402.0
008 - FIXED-LENGTH DATA ELEMENTS
- fixed length control field: 030512n| azannaabn |a aaa c
010 ## - LIBRARY OF CONGRESS CONTROL NUMBER
- LC control number: no2003046983
035 ## - SYSTEM CONTROL NUMBER
- System control number: (OCoLC)oca06048082
035 ## - SYSTEM CONTROL NUMBER
- System control number: (CaEvSKY)skya6913728
040 ## - CATALOGING SOURCE
- Original cataloging agency: NNU-L
- Language of cataloging: spa
- Description conventions: rda
- Transcribing agency: Mx-PuUPA
- Modifying agency: CSt
- Modifying agency: MX-SlUA
- Modifying agency: Mx-PuUPA
100 1# - HEADING--PERSONAL NAME
- Personal name: López Olvera, Miguel Alejandro,
372 ## - FIELD OF ACTIVITY
- Field of activity: Derecho público
374 ## - OCCUPATION
- Occupation: Autor
375 ## - GENDER
- Gender: hombre
377 ## - ASSOCIATED LANGUAGE
- Language code: spa
400 1# - SEE FROM TRACING--PERSONAL NAME
- Personal name: Olvera, Miguel Alejandro López
670 ## - SOURCE DATA FOUND
- Source citation: Técnica legislativa, c2002:
- Information found: t.p. (Miguel Alejandro López Olvera) p. xi (Law degree, Centro de Estudios Universitarios; completing master's in law from UNAM)
670 ## - SOURCE DATA FOUND
- Source citation: El control de convencionalidad en la administración pública, 2014:
- Information found: title page (Miguel Alejandro López Olvera)